<?xml version="1.0" encoding="UTF-8"?><?xml-stylesheet type="text/xsl" href="static/style.xsl"?><OAI-PMH xmlns="http://www.openarchives.org/OAI/2.0/" xmlns:xsi="http://www.w3.org/2001/XMLSchema-instance" xsi:schemaLocation="http://www.openarchives.org/OAI/2.0/ http://www.openarchives.org/OAI/2.0/OAI-PMH.xsd"><responseDate>2026-04-29T22:50:59Z</responseDate><request verb="GetRecord" identifier="oai:repisalud.isciii.es:20.500.12105/26016" metadataPrefix="marc">https://repisalud.isciii.es/rest/oai/request</request><GetRecord><record><header><identifier>oai:repisalud.isciii.es:20.500.12105/26016</identifier><datestamp>2025-12-18T12:55:52Z</datestamp><setSpec>com_20.500.12105_2052</setSpec><setSpec>com_20.500.12105_2051</setSpec><setSpec>col_20.500.12105_19608</setSpec><setSpec>col_20.500.12105_19609</setSpec></header><metadata><record xmlns="http://www.loc.gov/MARC21/slim" xmlns:dcterms="http://purl.org/dc/terms/" xmlns:doc="http://www.lyncode.com/xoai" xmlns:xsi="http://www.w3.org/2001/XMLSchema-instance" xsi:schemaLocation="http://www.loc.gov/MARC21/slim http://www.loc.gov/standards/marcxml/schema/MARC21slim.xsd">
   <leader>00925njm 22002777a 4500</leader>
   <datafield ind2=" " ind1=" " tag="042">
      <subfield code="a">dc</subfield>
   </datafield>
   <datafield ind2=" " ind1=" " tag="720">
      <subfield code="a">Gonzalez-Barrio, David</subfield>
      <subfield code="e">author</subfield>
   </datafield>
   <datafield ind2=" " ind1=" " tag="720">
      <subfield code="a">Carpio, Antonio J</subfield>
      <subfield code="e">author</subfield>
   </datafield>
   <datafield ind2=" " ind1=" " tag="720">
      <subfield code="a">Preite, Ludovica</subfield>
      <subfield code="e">author</subfield>
   </datafield>
   <datafield ind2=" " ind1=" " tag="720">
      <subfield code="a">Miguel-Vicedo, Mariola</subfield>
      <subfield code="e">author</subfield>
   </datafield>
   <datafield ind2=" " ind1=" " tag="720">
      <subfield code="a">Estevez-Reboredo, Rosa Maria</subfield>
      <subfield code="e">author</subfield>
   </datafield>
   <datafield ind2=" " ind1=" " tag="720">
      <subfield code="a">González-Viadero, María</subfield>
      <subfield code="e">author</subfield>
   </datafield>
   <datafield ind2=" " ind1=" " tag="720">
      <subfield code="a">Barba-Sánchez, Raquel</subfield>
      <subfield code="e">author</subfield>
   </datafield>
   <datafield ind2=" " ind1=" " tag="720">
      <subfield code="a">Calero-Bernal, Rafael</subfield>
      <subfield code="e">author</subfield>
   </datafield>
   <datafield ind2=" " ind1=" " tag="720">
      <subfield code="a">Carmena, David</subfield>
      <subfield code="e">author</subfield>
   </datafield>
   <datafield ind2=" " ind1=" " tag="720">
      <subfield code="a">Fuentes Corripio, Isabel</subfield>
      <subfield code="e">author</subfield>
   </datafield>
   <datafield ind2=" " ind1=" " tag="260">
      <subfield code="c">2024-07-20</subfield>
   </datafield>
   <datafield ind2=" " ind1=" " tag="520">
      <subfield code="a">Toxoplasmosis is a parasitic zoonosis of key importance in veterinary and public health. This article summarizes the available data (from 2000 to 2023) of exposition to Toxoplasma gondii in wildlife species in Spain based on a systematic bibliographic search, as well as further analysis of its potential relationship with environmental variables, biodiversity, anthropogenic impact on the habitat, and the reported human cases of toxoplasmosis. The overall seroprevalence of T. gondii in carnivorous mammals, birds, ungulate and lagomorph species in Spain was estimated at 69.3 %, 36.4 %, 18.4 %, and 16.2 %, respectively. Among the studies considered, great heterogeneity was observed both between and within taxonomic groups [Cohen's d > 0.8; X2 = 1039.10, df = 4 (p &lt; 0.01) I2 = 97 %, r2 = 1.88, (p &lt; 0.001)] and between and within bioregions [Cohen's d > 0.5; X2 = 368.59, df = 4 (p &lt; 0.01)]. The results of a generalized linear model explaining T. gondii seroprevalence in wild animals suggest the influence of abiotic variables [wetland (p &lt; 0.001), unvegetated (p &lt; 0.001), isothermality (p &lt; 0.001), and mean temperature during wettest quarter (p &lt; 0.05)] and number of intermediate host species as positively associated with increased exposure of wildlife to T. gondii (p &lt; 0.01). Toxoplasma gondii DNA was detected in both wild birds and wild mammals (range: 0.0-51.2 %) mainly from north-centre, northeast, and central-west of Spain. Regarding hospitalisation rates due to toxoplasmosis in humans, some abiotic variables [permanent crops (p &lt; 0.05) and mean temperature during wettest quarter (p &lt; 0.05)] showed a positive association. Despite certain limitations, this research evidences a substantial gap of knowledge on the implication of wildlife in the life cycle of T. gondii in Spain. This lack of knowledge is particularly evident in areas where the human-livestock-wildlife interface overlaps, preventing us from accurately determining its true distribution in different habitats, as well as its potential direct or indirect implications on public and veterinary health.</subfield>
   </datafield>
   <datafield ind1="8" ind2=" " tag="024">
      <subfield code="a">González-Barrio D, Carpio AJ, Preite L, Miguel-Vicedo M, Estévez-Reboredo RM, González-Viadero M, Barba-Sánchez R, Calero-Bernal R, Carmena D, Fuentes I. Toxoplasma gondii exposure in wildlife in Spain: Is there any predictable threat for humans and domestic animals? Sci Total Environ. 2024 Jul 20;935:173290.</subfield>
   </datafield>
   <datafield ind1="8" ind2=" " tag="024">
      <subfield code="a">10.1016/j.scitotenv.2024.173290</subfield>
   </datafield>
   <datafield ind1="8" ind2=" " tag="024">
      <subfield code="a">1879-1026</subfield>
   </datafield>
   <datafield ind1="8" ind2=" " tag="024">
      <subfield code="a">0048-9697</subfield>
   </datafield>
   <datafield ind1="8" ind2=" " tag="024">
      <subfield code="a">The Science of the total environment</subfield>
   </datafield>
   <datafield ind1="8" ind2=" " tag="024">
      <subfield code="a">38782291</subfield>
   </datafield>
   <datafield ind1="8" ind2=" " tag="024">
      <subfield code="a">https://hdl.handle.net/20.500.12105/26016</subfield>
   </datafield>
   <datafield tag="653" ind2=" " ind1=" ">
      <subfield code="a">Epidemiology</subfield>
   </datafield>
   <datafield tag="653" ind2=" " ind1=" ">
      <subfield code="a">Hospitalisation</subfield>
   </datafield>
   <datafield tag="653" ind2=" " ind1=" ">
      <subfield code="a">One Health</subfield>
   </datafield>
   <datafield tag="653" ind2=" " ind1=" ">
      <subfield code="a">Public health</subfield>
   </datafield>
   <datafield tag="653" ind2=" " ind1=" ">
      <subfield code="a">Toxoplasmosis</subfield>
   </datafield>
   <datafield tag="653" ind2=" " ind1=" ">
      <subfield code="a">Wildlife</subfield>
   </datafield>
   <datafield ind2="0" ind1="0" tag="245">
      <subfield code="a">Toxoplasma gondii exposure in wildlife in Spain: Is there any predictable threat for humans and domestic animals?</subfield>
   </datafield>
</record></metadata></record></GetRecord></OAI-PMH>